000 00803nam a22002651c 4500
001 a987676825
003 RU-10907106
005 20220225122126.0
008 160805s2015 gw |||| 000u ger d
020 _a9783902712202
_9978-3-902712-20-2
040 _cRU-10907106
_aRU-10907106
_bger
041 _ager
100 1 _aDupuis, Eleonore
_93100
245 0 0 _aBefreiungskind /
_cEleonore Dupuis
264 _aWien :
_bEdition Liaunigg,
_c2015
300 _a124 S.
650 0 _aRussischer Soldat
_93101
650 0 _aBesatzungszone
_93102
650 0 _aWeltkrieg <1939-1945>
_9385
650 0 _aKind
_9104
651 0 _aSowjetunion
_9127
651 0 _aÖsterreich
_9659
856 4 _uhttp://deposit.d-nb.de/cgi-bin/dokserv?id=5154262&prov=M&dok_var=1&dok_ext=htm04
_zInhaltstext
942 _cMG
_2z
999 _c39756
_d39756